000 00737nam1a22002171i 4500
001 rc\1155393
005 20240726062357.0
035 _a(NLR Aleph) 006430850
090 _a5546345
_c5546345
100 _a20041129g19809999u |0rusy50 ca
101 0 _arus
102 _aRU
105 _ay |||||||||
200 1 _aПеревал
_eМолодая поэзия Киргизстана
_e[Сборник
_fСоставление А. Джакшылыкова, Б. Сарыгулова
_gХудож. А. Цыганок]
210 _aФрунзе
_cКыргызстан
_d1980-
215 _d17
702 1 _aДжакшылыков
_bА.
_gАсан
_4220
801 0 _aRU
_bNLR
_gpsbo
801 1 _aRU
_bELAR
_2rusmarc
852 _aNLR
_j81-2/273
942 _cBOOK